000 01439nam0a2200349 4500
001 RU\NLR\BIBL_A\011536262
005 20260405122042.0
010 _a978-5-389-12727-2
_94000
021 _aRU
_b2017-82238
_95871
035 _a(RuMoRGB)009429903
035 _a(NLR Aleph) 011536262
090 _a12171559
_c12171559
100 _a20171122d2017 |||y0rusy50 ca
101 1 _arus
_cita
102 _aRU
_aUA
105 _ay|||z|||000 y
200 1 _aЛеопард. Новеллы
_fДжузеппе Томази ди Лампедуза
_g[перевод с итальянского Е. Дмитриевой и др.]
210 _aСанкт-Петербург
_cАзбука
_cАзбука-Аттикус
_aКиев
_cМахаон-Украина
_d2017
215 _a443, [3] с.
_d21
225 1 _aPremium
327 1 _aСодерж.: Леопард: роман; новеллы: Воспоминания детства; Счастье и закон; Сирена; Слепые котята
333 _a16+
517 1 _aНовеллы
686 _aШ5(4Ит)62-644
_2rubbk
686 1 _aШ6(4Ит)67-440.4{Лх1609}
700 1 _8rus
_7ca
_aТомази ди Лампедуза
_bД.
_f1896-1957
_gДжузеппе
_3RU\NLR\AUTH\7747970
_930905
942 _cBOOK
980 _aNBR
980 _aNB